[Event "Baden-ch U14"]
[Site "Schoeneck"]
[Date "2009.01.03"]
[Round "3"]
[White "Kuch, Janis"]
[Black "Bahner, Daniel"]
[Result "1-0"]
[WhiteElo "1263"]
[BlackElo "899"]
[PlyCount "117"]
[EventDate "2009.01.02"]
[EventType "swiss"]
[EventRounds "7"]
[EventCountry "GER"]
[SourceTitle "EXT 2010"]
[Source "ChessBase"]
[SourceDate "2010.11.25"]
[SourceVersion "1"]
[SourceVersionDate "2010.11.25"]
[SourceQuality "1"]

1. e4 e5 2. Nf3 Nf6 3. Nc3 d5 4. exd5 Nxd5 5. Bc4 Nxc3 6. dxc3 Qxd1+ 7. Kxd1 Bg4 8. Be2 Nc6 9. h3 0-0-0+ 10. Ke1 e4 11. hxg4 exf3 12. Bxf3 Ne5 13. Be3 Nxf3+ 14. gxf3 Be7 15. Ke2 g6 16. Rad1 Rxd1 17. Kxd1 a5 18. Bd4 Rd8 19. Ke2 h5 20. gxh5 gxh5 21. Rxh5 b5 22. Rxb5 a4 23. Ra5 Re8 24. Ra8+ Kd7 25. Rxe8 Kxe8 26. Kd3 a3 27. b4 Kd7 28. Kc4 c6 29. Kb3 Kd6 30. Kxa3 Kd5 31. Kb3 f5 32. a4 c5 33. Bh8 c4+ 34. Ka3 Kc6 35. Kb2 Bg5 36. Be5 Bd2 37. Bd4 Kb7 38. Be3 Be1 39. Ka3 Bxc3 40. a5 Ka6 41. Ka4 Bb2 42. b5+ Kb7 43. Kb4 c3 44. Bd4 f4 45. Bxc3 Bxc3+ 46. Kxc3 Kc7 47. Kd4 Kd6 48. c4 Kc7 49. a6 Kb8 50. b6 Kc8 51. c5 Kb8 52. Ke4 Kc8 53. c6 Kb8 54. c7+ Kc8 55. a7 Kb7 56. a8Q+ Kxb6 57. c8R Kb5 58. Qb7+ Ka4 59. Ra8# 1-0

[Event "Baden-ch U14"]
[Site "Schoeneck"]
[Date "2009.01.02"]
[Round "1"]
[White "Kuch, Janis"]
[Black "Noe, Christopher"]
[Result "0-1"]
[WhiteElo "1263"]
[BlackElo "1808"]
[PlyCount "120"]
[EventDate "2009.01.02"]
[EventType "swiss"]
[EventRounds "7"]
[EventCountry "GER"]
[SourceTitle "EXT 2010"]
[Source "ChessBase"]
[SourceDate "2010.11.25"]
[SourceVersion "1"]
[SourceVersionDate "2010.11.25"]
[SourceQuality "1"]

1. e4 e6 2. d4 d5 3. Nc3 Bb4 4. Bd3 c5 5. exd5 Qxd5 6. Bd2 Bxc3 7. Bxc3 Qxg2 8. Qf3 Qxf3 9. Nxf3 cxd4 10. Bxd4 f6 11. Rg1 Kf7 12. 0-0-0 Nc6 13. Bc3 Nge7 14. Bc4 a6 15. Rge1 b5 16. Bb3 b4 17. Bd4 Rd8 18. Bc5 Rxd1+ 19. Rxd1 a5 20. a4 Ke8 21. Nd4 Nxd4 22. Bxd4 e5 23. Bb6 Bf5 24. Bc4 Bd7 25. b3 Bg4 26. Bb5+ Kf7 27. Rd8 Nc8 28. Bc5 Kg6 29. Bc6 Rb8 30. Kd2 Be6 31. c3 bxc3+ 32. Kxc3 Rxb3+ 33. Kd2 Rb2+ 34. Ke1 Rb1+ 35. Kd2 Rb2+ 36. Ke1 Bg4 37. Be8+ Kh6 38. Be3+ g5 39. Bc5 Kg7 40. f3 Be6 41. Bd7 Bxd7 42. Rxd7+ Kg6 43. Rd8 Nb6 44. Bxb6 Rxb6 45. Ra8 Rb2 46. Rxa5 Rxh2 47. Ra8 h5 48. a5 Kf5 49. a6 Ra2 50. a7 h4 51. Kf1 h3 52. Kg1 h2+ 53. Kh1 Kf4 54. Rh8 Rxa7 55. Rxh2 Ra1+ 56. Kg2 Ra2+ 57. Kg1 Rxh2 58. Kxh2 Kxf3 59. Kg1 e4 60. Kf1 e3 0-1